LEADER 01127nam--2200385---450- 001 990002689800203316 005 20070704084010.0 010 $a88-7255-274-5 035 $a000268980 035 $aUSA01000268980 035 $a(ALEPH)000268980USA01 035 $a000268980 100 $a20051124-2005----m||y0itay0103----ba 101 0 $aita 102 $aIT 105 $ay|||z|||001yy 200 1 $aIslam$emorale e dottrina$eil sistema etico-giuridico e il pensiero filosofico, teologico e cosmologico$fEmanuele Riverso 210 $aFirenze$cAtheneum$dcopyr. 2005 215 $a241 p.$d21 cm 225 2 $aCollezione Mercator$v77 410 $aCollezione Mercator 606 0 $aIslam 606 0 $aIslamismo 676 $a297 700 1$aRIVERSO,$bEmanuele$066630 801 0$aIT$2UNIMARC 912 $a990002689800203316 951 $aII.2. 4660(XIV 1819)$b183035 L.M.$cXIV$d00176644 959 $aBK 969 $aUMA 979 $aPAOLA$b90$c20051124$lUSA01$h1052 979 $aPAOLA$b90$c20051128$lUSA01$h1311 979 $aCOPAT6$b90$c20070704$lUSA01$h0840 996 $aIslām$9225839 997 $aUNISA